000 00518nam a2200169 i 4500
001 27706
003 ES-MaACL
005 20250805063233.0
007 t|
008 030115s1961 sp ||||1| spa d
100 1 _aJuan Arbó, Sebastián,
_d1902-1984
_967101
245 1 3 _aLa hora negra
_b: (notas de un estudiante que murió loco) /
_cSebastián Juan Arbó.
260 _aBarcelona :
_bPlaneta,
_c[1961]
300 _a286 p. ;
_c24 cm.
852 _aES-MaACL
_jC-20618
_bR.49199
999 _c27706
_d27706